000 01131cam a22003255a 4500
999 _c1696
_d1696
003 EG-ScBUE
005 20201125063829.0
008 140102r20062003enka f 000 0 eng d
020 _a9780521805780 (Student's book)
020 _a0521805783 (Student's book)
020 _a9780521805803 (Workbook)
020 _a0521805805 (Workbook)
040 _aEG-ScBUE
_beng
_erda
_cEG-ScBUE
_dEG-ScBUE
082 0 4 _a428.24
_bHAS
_222
100 1 _aHashemi, Louise,
_eauthor.
245 1 0 _aObjective PET /
_cLouise Hashemi, Barbara Thomas.
250 _aReprint edition.
264 1 _aCambridge, U.K. :
_bCambridge University Press,
_c2006.
300 _a2 volumes :
_bcolor illustrations ;
_c28 cm.
336 _2rdacontent
_atext
_btxt
337 _2rdamedia
_aunmediated
_bn
338 _2rdacarrier
_avolume
_bnc
490 0 _aCambridge books for Cambridge exams
505 0 _aStudent's book -- Workbook.
650 7 _aEnglish language
_xExaminations
_vStudy guides.
_2BUEsh
_93373
653 _bHHUUEENN
_cDecember2013
_cJuly2019
655 _vReading book
_934232
700 1 _aThomas, Barbara,‏
_d1953-
_eauthor.
942 _2ddc
_cBB